| 000 | 00923cam a22002895a 4500 | ||
|---|---|---|---|
| 999 |
_c19605 _d19577 |
||
| 001 | 016795044 | ||
| 003 | EG-ScBUE | ||
| 005 | 20210905124900.0 | ||
| 008 | 140515s2014 enka f 000 0deng d | ||
| 020 | _a9781780672816 (pbk.) | ||
| 040 |
_aStDuBDS _beng _erda _cStDuBDS _dEG-ScBUE |
||
| 082 | 0 | 4 |
_a751.4 _bDEU _222 |
| 100 | 1 |
_aDeuchars, Marion, _eauthor. _938161 |
|
| 245 | 1 | 0 |
_aDraw paint and print like great artists / _cMarion Deuchars. |
| 264 | 1 |
_aLondon : _bLaurence King Publishing Ltd, _c2014. |
|
| 300 |
_a1 volume (various pagings) : _billustrations (some color) ; _c29 cm |
||
| 336 |
_2rdacontent _atext _btxt |
||
| 337 |
_2rdamedia _aunmediated _bn |
||
| 338 |
_2rdacarrier _avolume _bnc |
||
| 650 | 7 |
_aPainting _xTechnique. _2BUEsh |
|
| 650 | 7 |
_aDrawing _xTechnique. _2BUEsh |
|
| 650 | 7 |
_aArtists. _2BUEsh |
|
| 651 | _2BUEsh | ||
| 653 |
_bCOMAME _cJune2015 |
||
| 655 |
_vReading book _934232 |
||
| 942 |
_2ddc _cBB |
||